| 000 | 00717ntaaa2200217 4500 | ||
|---|---|---|---|
| 003 | 01 | ||
| 005 | 20251027202241.0 | ||
| 008 | 0714s1973 ag 01 | ||
| 040 |
_aAR-BaBN _bspa _cAR-BaBN _eaacr _dRIC |
||
| 082 | _a268.1400 Es1 | ||
| 100 | _aGrice, Homero L | ||
| 245 | _aManual para los obreros en la escuela bíblica de vacaciones | ||
| 250 | _a1 ed. | ||
| 260 |
_aEl Paso : _bCasa Bautista de Publicaciones, _cn.f. |
||
| 300 | _a24 p | ||
| 500 | _aSe usa este manual con los Libros A, B, C y D de los programas.Ej 2, y Ejs. 4-15, retirado definitivamente de la biblioteca Nov. 1973 | ||
| 650 | _aescuela bíblica de vacaciones | ||
| 650 |
_aintermedios _99120 |
||
| 700 |
_aGrice, Ethel _920886 |
||
| 942 | _cBK | ||
| 999 |
_c17269 _d17269 |
||